Os 15 principais países afetados pela Covid-19 - 24 de maio - Statistics

Estatísticas Gerais
  • Esse quiz foi jogado 7 vezes
  • A pontuação média é 13 de 25
Estatísticas das Respostas
país % Correto
Canadá
86%
China
86%
Estados Unidos
86%
Índia
86%
Rússia
86%
Brasil
71%
Espanha
71%
França
71%
Itália
71%
Reino Unido
71%
Alemanha
57%
Bélgica
57%
Chile
57%
Peru
57%
Suíça
57%
Irão
43%
Arábia Saudita
29%
Bielorrússia
29%
Catar
29%
Suécia
29%
Turquia
29%
Irlanda
14%
Bahrein
0%
Kuweit
0%
Singapura
0%
Nenhum quiz correspondente encontrado
Distribuição das Pontuações
Porcentagem de Pessoas com Cada Pontuação
Percentil de Números Respondidos
Sua Pontuação Histórica
Você não jogou esse quiz